Introducción a la computación con turbo pascal (5.0/5.5/6.0/tpw) : estructuras y abstracciones /
Guardado en:
| Autor Principal: | |
|---|---|
| Otros Autores: | |
| Formato: | Libro |
| Publicado: |
Estados Unidos de América :
Addison-wesley Iberoamericana,
1992
|
| Materias: | |
| Etiquetas: |
Agregar Etiqueta
Sin Etiquetas, Sea el primero en etiquetar este registro!
|
| LEADER | 00906nam a22002175a 4500 | ||
|---|---|---|---|
| 001 | CEM.cems013238 | ||
| 005 | 20091211105848.0 | ||
| 008 | 130507s1992##################000#0#####d | ||
| 003 | CEMS | ||
| 020 | |a 0201601346 | ||
| 082 | 0 | 4 | |a 001.6424 |
| 100 | 1 | |a Salmon, William I. | |
| 245 | 1 | 0 | |a Introducción a la computación con turbo pascal (5.0/5.5/6.0/tpw) : |b estructuras y abstracciones / |c William I. Salmon ; traducción de Roberto Escalona García |
| 260 | |a Estados Unidos de América : |b Addison-wesley Iberoamericana, |c 1992 | ||
| 300 | |a 870 p. | ||
| 505 | 0 | |a Cómputo -- Estructuras de programa y tipos de datos -- Estructuras de control -- Estructuras de datos y abstracciones de datos -- Algoritmos y análisis | |
| 653 | |a Informática | ||
| 653 | |a Computación | ||
| 653 | |a Turbo pascal | ||
| 700 | 1 | |a Escalona García, Roberto, trad. | |
| 859 | |a CEMS |b BIB. CEMS - 11 de abril |h 001.6424 |i Sa35 |p 25740.09 |t Ej.1 | ||
